[Event "Oslo Stjernens op B"]
[Site "Oslo"]
[Date "2016.03.13"]
[Round "4"]
[White "Aavik, Sebastian Tomter"]
[Black "Fjellheim, Benjamin"]
[Result "1-0"]
[WhiteElo "1701"]
[BlackElo "1696"]
[PlyCount "69"]
[EventDate "2016.03.11"]
[EventType "swiss"]
[EventRounds "5"]
[EventCountry "NOR"]
[SourceTitle "EXT 2023"]
[Source "ChessBase"]
[SourceDate "2022.10.05"]
[SourceVersion "1"]
[SourceVersionDate "2022.10.05"]
[SourceQuality "1"]

1. e4 b6 2. d4 Bb7 3. Bd3 e6 4. Nf3 d5 5. Nbd2 c5 6. c3 Nc6 7. 0-0 Nge7 8. Re1 g6 9. Bc2 cxd4 10. Nxd4 Nxd4 11. cxd4 Bg7 12. e5 0-0 13. Nf3 Rc8 14. Bg5 h6 15. Bh4 Ba6 16. g4 Qd7 17. Qd2 Rc7 18. Rac1 Rfc8 19. Re3 Bb5 20. Ne1 g5 21. Bg3 Nc6 22. f4 Bf8 23. a3 Na5 24. Qf2 Nc4 25. Rf3 Nxb2 26. fxg5 hxg5 27. h4 Bh6 28. Rf6 Bg7 29. hxg5 Bxf6 30. exf6 Rxc2 31. Nxc2 Nd3 32. Qh2 Qe8 33. Bd6 Rc6 34. Qh6 Rxd6 35. Qg7# 1-0

[Event "Oslo Stjernens op B"]
[Site "Oslo"]
[Date "2016.03.12"]
[Round "2"]
[White "Aavik, Sebastian Tomter"]
[Black "Pedersen, Helge Fischer"]
[Result "1-0"]
[WhiteElo "1701"]
[BlackElo "1448"]
[PlyCount "101"]
[EventDate "2016.03.11"]
[EventType "swiss"]
[EventRounds "5"]
[EventCountry "NOR"]
[SourceTitle "EXT 2023"]
[Source "ChessBase"]
[SourceDate "2022.10.05"]
[SourceVersion "1"]
[SourceVersionDate "2022.10.05"]
[SourceQuality "1"]

1. e4 e5 2. Nf3 Nc6 3. d4 exd4 4. Nxd4 Nxd4 5. Qxd4 d6 6. Bc4 Be6 7. Nc3 Nf6 8. Be3 Be7 9. h3 0-0 10. 0-0-0 c5 11. Qd3 Bxc4 12. Qxc4 a6 13. e5 b5 14. Qf4 Ne8 15. Nd5 h6 16. Nxe7+ Qxe7 17. exd6 Qe6 18. Kb1 c4 19. Qg4 f5 20. Qd4 Nf6 21. Rhe1 Qd7 22. Bc1 Rf7 23. f3 a5 24. g4 Ra6 25. Qe5 fxg4 26. fxg4 Ra8 27. Qe6 Qb7 28. Qf5 Raf8 29. g5 Nd7 30. Qd5 Qxd5 31. Rxd5 hxg5 32. Bxg5 Rf5 33. Rxf5 Rxf5 34. h4 Rd5 35. Be7 Ne5 36. a3 Nf7 37. Re6 a4 38. h5 Rxh5 39. d7 Rd5 40. Rd6 Rxd6 41. Bxd6 Nd8 42. Be7 Ne6 43. d8Q+ Nxd8 44. Bxd8 Kf7 45. Kc1 Ke6 46. Kd2 Kf5 47. Kc3 g5 48. Kb4 g4 49. Kxb5 g3 50. Kxc4 g2 51. Bb6 1-0